| 000 | 00980cam a22003015i 4500 | ||
|---|---|---|---|
| 001 | 4506651 | ||
| 003 | EG-ScBUE | ||
| 005 | 20251221111057.0 | ||
| 008 | 980428t2009 enka f b f001 0 eng d | ||
| 020 | _a9780195392098 | ||
| 040 |
_aEG-ScBUE _beng _erda _cEG-ScBUE _dEG-ScBUE |
||
| 082 | 0 | 4 |
_a547.7 _222 _bSTE |
| 100 | 1 |
_aStevens, Malcolm P., _d1934- _96760 _eauthor. |
|
| 245 | 1 | 0 |
_aPolymer chemistry : _ban introduction / _cMalcolm P. Stevens. |
| 250 | _aInternational third edition. | ||
| 264 | 1 |
_aOxford : _bOxford University Press, _c[2009] |
|
| 264 | 4 | _cc2009 | |
| 300 |
_axix, 551 pages : _billustrations ; _c25 cm |
||
| 336 |
_2rdacontent _atext _btxt |
||
| 337 |
_aunmediated _2rdamedia _bn |
||
| 338 |
_avolume _bnc _2rdacarrier |
||
| 504 | _aIncludes bibliographical references and index. | ||
| 650 | 7 |
_aPolymers. _95875 _2BUEsh |
|
| 650 | 7 |
_aPolymerization. _96762 _2BUEsh |
|
| 653 |
_bENGGEN _cOctober2011 _cNovember2016 |
||
| 655 | _vReading book | ||
| 942 |
_2ddc _cBB |
||
| 999 |
_c16133 _d16133 |
||